00000000nam 2200000zi 4500
0019.925311
003CaOODSP
00520250128140859
006m     o  d f      
007cr |n|||||||||
008230719e199704##nscda   ob   f|0| 0 eng d
040 |aCaOODSP|beng|erda|cCaOODSP
043 |an-cnm
0861 |aEn14-521/1997E-PDF
24500|aAssessment and restoration of environmental damages in the Atlantic Region : |breport of a workshop held March 4-5, 1997 / |cprepared by Duerden & Keane Consultants Inc.
264 1|a[Dartmouth, Nova Scotia] : |bEnvironmental Emergencies Section, Environment Canada, Atlantic Region, |cApril 1997.
300 |a1 online resource (88 pages) : |bcharts, illustrations
336 |atext|btxt|2rdacontent
337 |acomputer|bc|2rdamedia
338 |aonline resource|bcr|2rdacarrier
500 |aDigitized edition from print [produced by Environment and Climate Change Canada].
504 |aIncludes bibliographical references.
520 |a"In recognition of a growing need to address the issue of restoration of and compensation for environmental damages incurred as a result of pollution incidents, Environment Canada has undertaken an initiative to develop and implement a national approach to environmental damages assessment and restoration. In the Atlantic Region, the department hosted a Workshop with key stakeholders as an initial attempt to promote dialogue on the subject. The Workshop was designed to encourage meaningful discussion on the development of a practical implementation strategy for an Environmental Damages Assessment / Restoration Process for the region"--Executive Summary, page 2.
650 0|aEnvironmental impact analysis|xGovernment policy|zAtlantic Provinces.
650 0|aRestoration ecology|xGovernment policy|zAtlantic Provinces.
650 6|aEnvironnement|xÉtudes d'impact|xPolitique gouvernementale|zProvinces de l'Atlantique.
650 6|aRéhabilitation (Écologie)|xPolitique gouvernementale|zProvinces de l'Atlantique.
7101 |aCanada.|bEnvironment Canada. |bAtlantic Region, |eissuing body.
7102 |aDuerden & Keane Consultants Inc., |econsultant.
85640|qPDF|s3.92 MB|uhttps://publications.gc.ca/collections/collection_2025/eccc/En14-521-1997-eng.pdf